Statistiques concernant Pseudonymes de musiciens 2

Cliquez ici pour prendre le quiz!

Statistiques générales

  • Ce quiz a été pris 62 fois
  • Le résultat moyen est 5 sur 15

Statistiques - réponses

Vrai nom Pseudonyme % Correct
Isabelle GallFrance Gall
87%
Marshall Mathers IIIEminem
63%
Claudine LuypaertsMaurane
38%
Matthieu TotaM Pokora
38%
Robert ZimmermanBob Dylan
38%
Gandhi DjunaMaître Gims
37%
Tim BerglingAvicii
37%
Paul Van HaverStromae
31%
Paul LeclercJulien Clerc
29%
Wouter LevenbachDave
27%
Shawn CarterJay-Z
25%
Reginald DwightElton John
23%
Armando PérezPitbull
17%
Peter HernandezBruno Mars
12%
Adam WilesCalvin Harris
10%

Distribution des résultats

Percentile par nombre de réponses

% des personnes avec chaque résultat

Votre développement - résultats

Vous n’avez pas pris ce quiz